1369 1633 1249 1936 1889 1867 1458 1059 1143 1578 1241 1435 1055 1907 1034 1170 1074 1330 1393 1097 1497 1876 1798 1747 1673 1542 1684 1327 1442 1894 1812 1880 1867 1209 1474 1541 1270 1927 1351 1008 1998 1939 1526 1422 1499 1445 1379 1196 1534 1505 1712 1980 1462 1048 1579 1838 1607 1259 1041 1101 1998 1851 1871 1622 1452 1412 1174 1145 1297 1450 1250 1454 1064 1991 1395 1647 1639 1768 1545 1914 1518 1161 1718 1328 1501 1892 1065 1609 1058 1236 1691 1846 1381 1839 1003 1925 1078 1213 1393 BCNSPRNW ULIB Ver.6.0+V

เปลี่ยนเป็นภาษาไทย

Change to English
 แสดงรายละเอียดบรรณานุกรม
  กลับหน้าหลัก

Brief Record : Get Marc (ISO 2709) : E-mail record : QR code < ปิดหน้าต่าง
LEADER : 00000nam 2200000uu 4500
001    13399127292
003     ULIB
008    200402s2562||||th 000 0 tha d
020 ^  ^a9786164854918
050  0 ^aBF155.6713^bจ628จ
100 0  ^aจุฑามาศ แหนจอน.
245 1  ^aจิตวิทยาการรู้คิด /^cจุฑามาศ แหนจอน.
246 3  ^aCognitive psychology
250 ^  ^aพิมพ์ครั้งที่ 2 ฉบับปรับปรุง.
260 ^  ^aกรุงเทพฯ :^bแกรนด์พอยท์,^c2562.
300 ^  ^a359 หน้า :^bภาพประกอบ ;^c26 ซม.
500 ^  ^aมีดัชนี.
505 2  ^aความรู้พื้นฐานด้านจิตวิทยาการรู้คิด -- โครงสร้างและการทำงานของสมอง -- การรับรู้ -- ความสนใจจดจ่อ -- ความจำ -- หน้าที่บริหารจัดการของสมอง -- ความรู้ -- การจินตภาพด้วยภาพ -- ภาษา -- การคิดแก้ปัญหา -- การให้เหตุผลและการตัดสินใจ.
650 ^  ^aความคิดสร้างสรรค์.
650 ^  ^aความจำ.
650 ^  ^aจิตวิทยา.
650 ^  ^aจิตวิทยาการรู้คิด.
650 ^  ^aปัญญา.
945    ^p0^l0^i28084
945    ^p0^l0^i28085
945    ^p0^l0^i28086
945    ^p0^l0^i28087
945    ^p0^l0^i28088
999    ^aกัณชพร จุลอักษร
รายการนี้ยังไม่มีแท็ก
คุณยังไม่ได้ล็อกอิน คุณสามารถมีกิจกรรมร่วมกับเว็บไซต์ได้ แต่ต้องล็อกอินก่อน ::
  ล็อกอิน

รายการสื่อสารสนเทศ

ลำดับที่ ประเภท เลขเรียก/บาร์โค้ด สถานที่ สถานะ
1. วิทยาศาสตร์การแพทย์ และสุขภาพ
วิทยาศาสตร์การแพทย์ และสุขภาพ
BF155.6713 จ628จ ฉ.1 
  Barcode: 28084
ห้องสมุดวิทยาเขตนครสวรรค์
►หนังสือทั่วไป:l:General Books
บนชั้น
2. วิทยาศาสตร์การแพทย์ และสุขภาพ
วิทยาศาสตร์การแพทย์ และสุขภาพ
BF155.6713 จ628จ ฉ.2 
  Barcode: 28085
ห้องสมุดวิทยาเขตนครสวรรค์
►หนังสือทั่วไป:l:General Books
บนชั้น
3. วิทยาศาสตร์การแพทย์ และสุขภาพ
วิทยาศาสตร์การแพทย์ และสุขภาพ
BF155.6713 จ628จ ฉ.3 
  Barcode: 28086
ห้องสมุดวิทยาเขตนครสวรรค์
►หนังสือทั่วไป:l:General Books
บนชั้น
4. วิทยาศาสตร์การแพทย์ และสุขภาพ
วิทยาศาสตร์การแพทย์ และสุขภาพ
BF155.6713 จ628จ ฉ.4 
  Barcode: 28087
ห้องสมุดวิทยาเขตนครสวรรค์
►หนังสือทั่วไป:l:General Books
บนชั้น
5. วิทยาศาสตร์การแพทย์ และสุขภาพ
วิทยาศาสตร์การแพทย์ และสุขภาพ
BF155.6713 จ628จ ฉ.5 
  Barcode: 28088
ห้องสมุดวิทยาเขตนครสวรรค์
►หนังสือทั่วไป:l:General Books
บนชั้น

รายการใกล้เคียง
    ผู้แต่ง [จุฑามาศ แหนจอน.]

    หัวเรื่อง [ความคิดสร้างสรรค์.]
    หัวเรื่อง [ความจำ.]
    หัวเรื่อง [จิตวิทยา.]
    หัวเรื่อง [จิตวิทยาการรู้คิด.]
    หัวเรื่อง [ปัญญา.]

BibComment


ยังไม่เคยถูกคอมเมนท์

คอมเมนท์ทรัพยากรรายการนี้
  คอมเมนท์: จิตวิทยาการรู้คิ..


 Copyright 2026. Bcnsprnw @Library